| 000 | 01518nam a2200349 4500 | ||
|---|---|---|---|
| 001 | 176 | ||
| 003 | OSt | ||
| 005 | 20250528074014.0 | ||
| 008 | 250130b |||||||g |||| 00| 1 eng d | ||
| 020 | _a9788535911817 | ||
| 040 | _bpor | ||
| 041 |
_heng _apor |
||
| 082 |
_a813 _bC821.2v |
||
| 100 | 1 |
_aCornwell, Patricia Daniels, _d1956- _9329 |
|
| 240 | _aTrace | ||
| 245 |
_aVestígio / _cCornwell, Patricia ; Tradução de Claudio Carina e Otacílio Nunes |
||
| 260 |
_aSão Paulo _bCompanhia das Letras _c2008 |
||
| 300 | _a444 p. | ||
| 490 | 1 |
_aKay Scarpetta _vLivro 13 |
|
| 520 | _aCinco anos depois de ser sumariamente afastada de seu emprego como legista-chefe da Virgínia, Kay Scarpetta volta a Richmond atendendo ao pedido de seu sucessor para um caso difícil Gilly Paulsson,uma garota de catorze anos, foi encontrada morta em sua cama. Ao chegar ao seu antigo quartel- general, logo percebe que deveria ter recusado o trabalho. Seu sucessor é um tipo esquivo e incompetente, seu antigo escritório está sendo demolido, e as manobras políticas tecidas ao fundo dos acontecimentos ameaçam engoli-la de vez. | ||
| 650 | 0 |
_aLiteratura Americana _984 |
|
| 650 | 0 |
_aCrime e Investigação _913 |
|
| 650 | 0 |
_aRomance Policial _911 |
|
| 650 | 0 |
_aMistério _942 |
|
| 650 | 0 |
_aSuspense _910 |
|
| 655 | 0 |
_aRomance _923 |
|
| 655 | 0 |
_aFicção _922 |
|
| 700 |
_aClaudio Carina _eTradutor _9330 |
||
| 700 |
_aOtacílio Nunes _eTradutor _9331 |
||
| 830 |
_aKay Scarpetta _vLivro 13 _9332 |
||
| 942 |
_2ddc _n0 _cBK |
||
| 999 |
_c176 _d176 |
||